000 00922nam0a22002771 4500
001 rc\11224
005 20250620113624.0
010 _a5-7357-0112-6
_910000
035 _a(NLR Aleph) 005300191
090 _a6281104
_c6281104
100 _a20021204d1997 |||y0rusy50 ca
101 0 _arus
102 _aRU
105 _ay |||||||||
200 1 _aСудебная медицина
_eКурс лекций
_e[Учеб. пособие для вузов по направлению и специализации "Юриспруденция"]
210 _aМ.
_cЮристъ
_d1997
215 _a332, [2] с.
_d21
225 1 _aInstitutiones
320 _aБиблиогр. в начале разд.
700 1 _aВолков
_bВ.Н.
_gВиталий Николаевич
701 1 _aДатий
_bА.В.
801 0 _aRU
_bNLR
_gpsbo
801 1 _aRU
_bELAR
_2rusmarc
852 _aNLR
_j97-3/2809
942 _cBOOK
980 _aNB